| 000 | 00454nam a22001457a 4500 | ||
|---|---|---|---|
| 082 | _a344 MAH | ||
| 100 | _aMahmood, M. | ||
| 245 |
_aThe Police Rules, 1934 Volume 1,2,3: _bAlong with: Police Orders, 2002 / _cM. Mahmood & Jawad Mahmood Pasha |
||
| 250 | _a2nd Edition. | ||
| 260 |
_aLahore : _bAl-Qanoon Publishers, _c2019. |
||
| 300 |
_a1326 p. ; _c24 cm. |
||
| 942 |
_2ddc _cBK |
||
| 999 |
_c587145 _d587145 |
||